Bhavanik Buddhyanka(EQ) Ani Bhavanik Buddhimatta (EL) (Record no. 362649)

MARC details
000 -LEADER
fixed length control field 005450000a22001570004500
005 - DATE AND TIME OF LATEST TRANSACTION
control field 20120302064628.0
040 ## - CATALOGING SOURCE
Original cataloging agency mar
100 ## - MAIN ENTRY--PERSONAL NAME
Personal name Naik, Sanjay.
245 ## - TITLE STATEMENT
Title Bhavanik Buddhyanka(EQ) Ani Bhavanik Buddhimatta (EL)
250 ## - EDITION STATEMENT
Edition statement 1St
260 ## - PUBLICATION, DISTRIBUTION, ETC. (IMPRINT)
Place of publication, distribution, etc Pune: Akshayy Sahitya ,2001
300 ## - PHYSICAL DESCRIPTION
Extent 33 p.
365 ## - TRADE PRICE
Price amount Rs.15 /-
650 ## - SUBJECT ADDED ENTRY--TOPICAL TERM
Topical term or geographic name as entry element Swayamvikas / Self Improvement / Bhavana / Bhavananche Prakar / Swa olakha / Bhavanik Buddhimatta (EI)/ Bhavananvar Adharit Vyaktinche Prakar / Bhavanik Buddhyank (EQ) / Yashache Rahasya
942 ## - ADDED ENTRY ELEMENTS (KOHA)
Koha item type Book
Holdings
Withdrawn status Lost status Damaged status Not for loan Home library Current library Date acquired Total Checkouts Barcode Date last seen Price effective from
        Institute For Oriental Study, Thane Institute For Oriental Study, Thane 12/02/2009   IOS-M 23703 12/02/2009 12/02/2009